| Registos Bibliográficos associados ao registo de autoridade |
|
Etiqueta de registo: 00893cas 2200313 450 001 1060290 003 http://id.bnportugal.gov.pt/bib/catbnp/1060290 005 20030514110400.0 011 ## $a1645-0752$f1645-0752 021 ## $aPT$b161842/01 100 ## $a20011206a20019999m y1pory0103 ba 101 0# $apor 102 ## $aPT 106 ## $ar 110 ## $aayyzz 0xx0 200 1# $aRevista da Universidade Moderna do Porto$fdir. Fernando A. Pereira Pinto 207 #0 $aNº 1 (Mar. 2001)- 210 #9 $aPorto$cUniversidade Moderna do Porto,$d2001- 215 ## $d24 cm 326 ## $aPeriodicidade irregular 530 0# $aRevista da Universidade Moderna do Porto 620 ## $dPorto 675 ## $a378.4(469.121)(05)$vBN$zpor$3393860 702 #1 $aPinto,$bFernando António Pereira$4300$3938527 712 02 $aUniversidade Moderna do Porto$4650$31019422 802 ## $a18 966 ## $lBN$mFGREV$sP.P. 25737 V.$x1
Etiqueta de registo: 00992cam 2200241 450 001 1013561 003 http://id.bnportugal.gov.pt/bib/catbnp/1013561 005 20000526155800.0 100 ## $a20000216d1998 k y0pory0103 ba 101 0# $apor 102 ## $aPT 105 ## $aa m 001yy 106 ## $ar 200 1# $aImprensa diária do Porto (1915-1921) na história da I República$bTexto policopiado]$eprojectos editoriais, conteúdos jornalísticos e intervenção política$fFernando António Pereira Pinto 210 #9 $aPorto$c[s.n.],$d1998 215 ## $aX, 298 f.$cil.$d30 cm 320 ## $aBibliografia, f. 291-297 328 ## $aTese mestr. História Contemporânea, Univ. do Porto, 1998 606 ## $2SIPOR$3939745 606 ## $2SIPOR$3939746 675 ## $a070(469.121)"1915/1921"(043.2)$vBN$zpor$3939739 675 ## $a323.2(469)"1910/1926"(043)$vBN$zpor$3939747 700 #1 $aPinto,$bFernando António Pereira$3938527 966 ## $lBN$mFGMON$sP. 14697 V.$x1
Etiqueta de registo: 00992cam 2200241 450 001 1915145 003 http://id.bnportugal.gov.pt/bib/catbnp/1915145 100 ## $a20151113d2014 k y0pory01030103ba 101 0# $apor$deng 102 ## $aPT 105 ## $aa m 001yy 106 ## $ar 200 1# $aDiscursos e contextos na afirmação da economia do mar$e2ª metade do século XX e transição para o século XXI$fFernando António Pereira Pinto 210 #9 $aPorto$c[s.n.],$d2014 215 ## $a773 p.$cil.$d30 cm 320 ## $aBibliografia, p. 749-770 328 #1 $aTese dout. História, Fac. de Letras, Univ. do Porto, 2014 675 ## $a94(469)"195/201"(043)$vBN$zpor$31628831 675 ## $a338.23(469)"195/201"(091)(043)$vBN$zpor$31628833 675 ## $a551.46(469)"195/2001"(091)(043)$vBN$zpor$31628832 675 ## $a502.15(469)"195/201"(091)(043)$vBN$zpor$31628834 700 #1 $aPinto,$bFernando António Pereira$3938527 801 #0 $aPT$bBN$gRPC 966 ## $lBN$mFGMON$sH.G. 70942 V.$x1
|
|
|